क्रांतिवीर तात्या टोपे पहिल्या स्वातंत्र्यसंग्रामाचे अमर सेनापती (Record no. 370186)
[ view plain ]
| 000 -LEADER | |
|---|---|
| fixed length control field | 04455 a2200145 4500 |
| 003 - CONTROL NUMBER IDENTIFIER | |
| control field | OSt |
| 005 - DATE AND TIME OF LATEST TRANSACTION | |
| control field | 20260205144238.0 |
| 008 - FIXED-LENGTH DATA ELEMENTS--GENERAL INFORMATION | |
| fixed length control field | 260205b |||||||| |||| 00| 0 eng d |
| 100 ## - MAIN ENTRY--PERSONAL NAME | |
| Personal name | गुप्ता आर. |
| 9 (RLIN) | 216634 |
| 245 ## - TITLE STATEMENT | |
| Title | क्रांतिवीर तात्या टोपे पहिल्या स्वातंत्र्यसंग्रामाचे अमर सेनापती |
| 260 ## - PUBLICATION, DISTRIBUTION, ETC. (IMPRINT) | |
| Name of publisher, distributor, etc. | भारतीय विचार साधना प्रकाशन |
| Date of publication, distribution, etc. | 2018 |
| Place of publication, distribution, etc. | पुणे |
| 300 ## - PHYSICAL DESCRIPTION | |
| Extent | 124pp. |
| 520 ## - SUMMARY, ETC. | |
| Summary, etc. | १८५७ च्या पहिल्या भारतीय स्वातंत्र्यलढ्यातील प्रमुख सेनापती तात्या टोपे (रामचंद्र पांडुरंग येवलेकर) हे धाडसी मराठा क्रांतिकारक होते. नानासाहेब पेशव्यांचे अत्यंत विश्वासू सहकारी म्हणून त्यांनी कानपूर आणि झाशीच्या राणी लक्ष्मीबाईंच्या साथीने ब्रिटीश सत्तेविरुद्ध गोरिल्ला युद्धातून (गनिमी कावा) मोठे आव्हान निर्माण केले. १८ एप्रिल १८५९ रोजी शिवपुरी येथे त्यांना इंग्रजांनी फाशी दिली [२, ३, ७, १०]. <br/>तात्या टोपेंचे जीवन आणि योगदान:<br/>जन्म आणि बालपण: तात्या टोपे यांचा जन्म १८१४ (काही स्रोतांनुसार १८१३-१५) मध्ये नाशिक जिल्ह्यातील येवला येथे एका मराठी ब्राह्मण कुटुंबात झाला [३, १२]. त्यांच्या वडिलांचे नाव पांडुरंगराव टोपे होते.<br/>सैनिकी नेतृत्व: ते पेशवा बाजीराव दुसरे यांचे सहकारी होते आणि पुढे नानासाहेब पेशवे यांचे जवळचे मानले जात. ते १८५७ च्या उठावातील सर्वात कार्यक्षम आणि धोरणी नेते होते [६, १०].<br/>स्वातंत्र्यलढ्यातील भूमिका:<br/>कानपूर उठाव: नानासाहेबांच्या सैन्याचे नेतृत्व करत त्यांनी ब्रिटीश जनरल विंडहॅमला कानपूरमधून पळवून लावले [१, ६].<br/>ग्वाल्हेर आणि झाशी: राणी लक्ष्मीबाईंना ग्वाल्हेर जिंकण्यात मदत केली आणि कालपीच्या युद्धात पराक्रम गाजवला [४, ११].<br/>गनिमी कावा (Guerrilla Warfare): त्यांनी उत्तर प्रदेश, राजस्थान आणि मध्य प्रदेशातील ग्रामीण भागात ब्रिटीश सैन्याला जेरीस आणले [७].<br/>अमर बलिदान: विश्वासघातामुळे ७ एप्रिल १८५९ रोजी नरवरचा राजा मानसिंह याच्या सांगण्यावरून इंग्रजांनी त्यांना अटक केली आणि १८ एप्रिल १८५९ रोजी शिवपुरी येथे फाशी दिली [७, ११, १२]. <br/>तात्या टोपे हे त्यांच्या अदम्य साहस, देशभक्ती आणि लष्करी कौशल्यासाठी भारताच्या इतिहासात "अमर सेनापती" म्हणून ओळखले जातात. |
| 942 ## - ADDED ENTRY ELEMENTS (KOHA) | |
| Koha item type | Books |
| Source of classification or shelving scheme | Dewey Decimal Classification |
| Withdrawn status | Lost status | Source of classification or shelving scheme | Damaged status | Not for loan | Collection code | Home library | Current library | Date acquired | Vendor | Cost, normal purchase price | Total Checkouts | Barcode | Date last seen | Cost, replacement price | Bill Date | Koha item type | Original Barcode |
|---|---|---|---|---|---|---|---|---|---|---|---|---|---|---|---|---|---|
| Dewey Decimal Classification | MCA | MKSSS s K.B. Joshi Institute of Information Technology Library | MKSSS s K.B. Joshi Institute of Information Technology Library | 03/02/2026 | 188 | 115.50 | KBJP-BK-3000 | 03/02/2026 | 165.00 | 03/02/2026 | Books | 3000 |